Online
Catalog

El tabaco : (Record no. 7357)

MARC details
000 -CABECERA
campo de control de longitud fija 01344nam a2200337 a 4500
001 - NÚMERO DE CONTROL
campo de control 000007577
003 - IDENTIFICADOR DEL NÚMERO DE CONTROL
campo de control DO-SdBNP
005 - FECHA Y HORA DE LA ÚLTIMA TRANSACCIÓN
campo de control 20260521073716.0
008 - DATOS DE LONGITUD FIJA--INFORMACIÓN GENERAL
campo de control de longitud fija 090909s2008 dr ac r 001 0 spa d
020 ## - NÚMERO INTERNACIONAL ESTÁNDAR DEL LIBRO
Número Internacional Estándar del Libro 9789945422139
040 ## - FUENTE DE LA CATALOGACIÓN
Centro catalogador/agencia de origen DO-SdBNP
Lengua de catalogación spa
Centro/agencia transcriptor BNPHU
082 #4 - NÚMERO DE LA CLASIFICACIÓN DECIMAL DEWEY
Número de clasificación 633.71
Número de documento/Ítem C531t
100 1# - ENTRADA PRINCIPAL--NOMBRE DE PERSONA
Nombre de persona Chez Checo, José,
Fechas asociadas al nombre 1949-
9 (RLIN) 10145
245 13 - MENCIÓN DE TÍTULO
Título El tabaco :
Resto del título historia general en República Dominicana /
Mención de responsabilidad, etc. José Chez Checo, Mu-kien Adriana Sang ; presentación Fernando A. León.
260 ## - PUBLICACIÓN, DISTRIBUCIÓN, ETC.
Lugar de publicación, distribución, etc. Santo Domingo :
Nombre del editor, distribuidor, etc. Grupo León Jimenes,
Fecha de publicación, distribución, etc. 2008.
300 ## - DESCRIPCIÓN FÍSICA
Extensión 3 v :
Otras características físicas il. ;
Dimensiones 31 cm.
490 1# - MENCIÓN DE SERIE
Mención de serie Centenario
500 ## - NOTA GENERAL
Nota general Incluye índice onomástico
504 ## - NOTA DE BIBLIOGRAFÍA, ETC.
Nota de bibliografía, etc. Bibliografía : p. 306-324
505 2# - NOTA DE CONTENIDO CON FORMATO
Nota de contenido con formato v.1 Botánica, usos y comercio : sociedad taína 1900 -- v.2 Renacimiento y expanción 1901-1961 -- v.3 consolidación y crisis 1961-2000
590 ## - NOTA LOCAL (RLIN)
Nota local Inventariado, 2018/BT
650 #4 - PUNTO DE ACCESO ADICIONAL DE MATERIA--TÉRMINO DE MATERIA
Término de materia o nombre geográfico como elemento de entrada Tabaco
Subdivisión general Historia
Subdivisión geográfica República Dominicana
9 (RLIN) 21025
650 #4 - PUNTO DE ACCESO ADICIONAL DE MATERIA--TÉRMINO DE MATERIA
Término de materia o nombre geográfico como elemento de entrada Vegueros y tabaqueros
Subdivisión general Historia
Subdivisión geográfica República Dominicana
9 (RLIN) 21026
650 #4 - PUNTO DE ACCESO ADICIONAL DE MATERIA--TÉRMINO DE MATERIA
Término de materia o nombre geográfico como elemento de entrada Industria tabacalera
Subdivisión general República dominicana
9 (RLIN) 21027
650 #4 - PUNTO DE ACCESO ADICIONAL DE MATERIA--TÉRMINO DE MATERIA
Término de materia o nombre geográfico como elemento de entrada Tabaco
Subdivisión general Cultivo
9 (RLIN) 21028
700 1# - PUNTO DE ACCESO ADICIONAL--NOMBRE DE PERSONA
Nombre de persona Sang, Mu-Kien A.
Fechas asociadas al nombre 1955-
Forma completa/desarrollada del nombre (Mu-Kien Adriana)
9 (RLIN) 331
700 1# - PUNTO DE ACCESO ADICIONAL--NOMBRE DE PERSONA
Nombre de persona León, Fernando A.
9 (RLIN) 21029
830 #0 - PUNTO DE ACCESO ADICIONAL DE SERIE-TÍTULO UNIFORME
Título uniforme Centenario
9 (RLIN) 14767
910 ## - DATOS DE OPCIÓN DEL USUARIO (OCLC)
Datos de opción del usuario Validado. Control de calidad. MMOLINA
942 ## - ELEMENTOS DE PUNTO DE ACCESO ADICIONAL (KOHA)
Fuente del sistema de clasificación o colocación Dewey Decimal Classification
Tipo de ítem Koha Libro
Holdings
Estado de retiro Estado de pérdida Restricciones de uso No para préstamo Código de colección Localización permanente Ubicación/localización actual Ubicación en estantería Fecha de adquisición Número de inventario Total de préstamos Signatura topográfica completa Código de barras Fecha visto por última vez Precio válido a partir de Tipo de ítem Koha Fuente del sistema de clasificación o colocación Número de copia
    Excluido de préstamo   Patrimonio Dominicano Biblioteca Nacional Pedro Henríquez Ureña Biblioteca Nacional Pedro Henríquez Ureña Depósito 29.01.2010 LF1   BNPHU PD 633.71 C531t v.1 7577-10 25.06.2020 25.06.2020 Libro Dewey Decimal Classification  
    Excluido de préstamo   Patrimonio Dominicano Biblioteca Nacional Pedro Henríquez Ureña Biblioteca Nacional Pedro Henríquez Ureña Depósito 29.01.2010 LF1   BNPHU PD 633.71 C531t 7577-20 25.06.2020 25.06.2020 Libro Dewey Decimal Classification v.1, e.2
        Patrimonio Dominicano General General Depósito 29.01.2010 LF1   v.2, e.5 7577-100 25.06.2020 25.06.2020 Libro y Folleto Colección Patrimonio Dominicano    
        Patrimonio Dominicano General General Depósito 29.01.2010 LF1   v.3, e.3 7577-130 25.06.2020 25.06.2020 Libro y Folleto Colección Patrimonio Dominicano    
        Patrimonio Dominicano General General Depósito 29.01.2010 LF1   v.3, e.4 7577-140 25.06.2020 25.06.2020 Libro y Folleto Colección Patrimonio Dominicano    
        Patrimonio Dominicano General General Depósito 29.01.2010 LF1   v.3, e.5 7577-150 25.06.2020 25.06.2020 Libro y Folleto Colección Patrimonio Dominicano    
        Patrimonio Dominicano General General Depósito 29.01.2010 LF1   v.1, e.3 7577-30 25.06.2020 25.06.2020 Libro y Folleto Colección Patrimonio Dominicano    
        Patrimonio Dominicano General General Depósito 29.01.2010 LF1   v.1, e.4 7577-40 25.06.2020 25.06.2020 Libro y Folleto Colección Patrimonio Dominicano    
        Patrimonio Dominicano General General Depósito 29.01.2010 LF1   v.1, e.5 7577-50 25.06.2020 25.06.2020 Libro y Folleto Colección Patrimonio Dominicano    
        Patrimonio Dominicano General General Depósito 29.01.2010 LF1   v.2, e.3 7577-80 25.06.2020 25.06.2020 Libro y Folleto Colección Patrimonio Dominicano    
  Extraviado     Patrimonio Dominicano General General Extraviado 29.01.2010 LF1   v.2, e.4 7577-90 25.06.2020 25.06.2020 Libro y Folleto Colección Patrimonio Dominicano    
      Excluido de préstamo Patrimonio Dominicano Patrimonio Dominicano Patrimonio Dominicano Depósito 29.01.2010 LF1   v.3 7577-110 25.06.2020 25.06.2020 Libro y Folleto Colección Patrimonio Dominicano    
      Excluido de préstamo Patrimonio Dominicano Patrimonio Dominicano Patrimonio Dominicano Depósito 29.01.2010 LF1   v.3, e.2 7577-120 25.06.2020 25.06.2020 Libro y Folleto Colección Patrimonio Dominicano    
      Excluido de préstamo Patrimonio Dominicano Patrimonio Dominicano Patrimonio Dominicano Depósito 29.01.2010 LF1   v.2 7577-60 25.06.2020 25.06.2020 Libro y Folleto Colección Patrimonio Dominicano    
      Excluido de préstamo Patrimonio Dominicano Patrimonio Dominicano Patrimonio Dominicano Depósito 29.01.2010 LF1   v.2, e.2 7577-70 25.06.2020 25.06.2020 Libro y Folleto Colección Patrimonio Dominicano    

Powered by Koha